<?xml version="1.0" encoding="UTF-8"?>
<record
    xmlns:xsi="http://www.w3.org/2001/XMLSchema-instance"
    xsi:schemaLocation="http://www.loc.gov/MARC21/slim http://www.loc.gov/standards/marcxml/schema/MARC21slim.xsd"
    xmlns="http://www.loc.gov/MARC21/slim">

  <leader>03193nam a22001697a 4500</leader>
  <controlfield tag="008">180213b        xxu||||| |||| 00| 0 eng d</controlfield>
  <datafield tag="020" ind1=" " ind2=" ">
    <subfield code="a">9780803614864</subfield>
  </datafield>
  <datafield tag="050" ind1=" " ind2=" ">
    <subfield code="a">RG951.W37</subfield>
  </datafield>
  <datafield tag="100" ind1=" " ind2=" ">
    <subfield code="a">WARD, Susan L.</subfield>
  </datafield>
  <datafield tag="245" ind1=" " ind2=" ">
    <subfield code="a">Maternal-child nursing care: Optimizing outcomes of mothers, children and families. / </subfield>
    <subfield code="c">Susan L. Ward and Shelton M. Hisley.</subfield>
  </datafield>
  <datafield tag="260" ind1=" " ind2=" ">
    <subfield code="a">Philadelphia:</subfield>
    <subfield code="b">F.A.Davis Company,</subfield>
    <subfield code="c">2009.</subfield>
  </datafield>
  <datafield tag="300" ind1=" " ind2=" ">
    <subfield code="a">liii, 1207p.:</subfield>
    <subfield code="b">ills;</subfield>
    <subfield code="c">29cm</subfield>
  </datafield>
  <datafield tag="500" ind1=" " ind2=" ">
    <subfield code="a">Includes appendix and index.</subfield>
  </datafield>
  <datafield tag="505" ind1=" " ind2=" ">
    <subfield code="a"> Unit one: Foundations in maternal family, and child care -- Chapter 1: Traditional and community nursing care for women, families, and children -- Chapter 2: Contemporary issues in women's, families', and children's health care -- Chapter 3: The evolving family -- Chapter 4: Caring for women, families, and children in contemporary society -- Unit two: The process of human reproduction -- Chapter 5: Reproductive anatomy and physiology -- Chapter 6: Human sexuality and fertility -- Chapter 7: Conception and development of the embryo and fetus -- Unit three: The prenatal journey -- Chapter 8: Physiological and psychosocial changes during pregnancy -- Chapter 9: The Prenatal assessment -- Chapter 10: Promoting a healthy pregnancy -- Chapter 11: Caring for the woman experiencing complication during pregnancy -- Unit four: The birth experience -- Chapter 12: The process of labor and birth -- Chapter 13: Promoting patient comfort during labor and birth -- Chapter 14: Caring for the woman experiencing complication during labor and birth -- Unit five: Care of the new family -- Chapter 15: Caring for the postpartal woman and her family -- Chapter 16: Caring for the woman experiencing complications during the postpartal period -- Chapter 17: Physiological transition of the newborn -- Chapter 18: Caring for the normal newborn -- Chapter 19: Caring for the newborn at risk -- Unit six: Caring for the child and family: Chapter 20: Caring for the developing child -- Chapter 21: Caring for the child in the hospital and in the community -- Chapter 22: Caring for the family across care settings -- Unit seven: Ongoing care of the child in the hospital and in the community -- Chapter 23: Caring for the child with a psychosocial or cognitive condition -- Chapter 24: Caring for the child with a respiratory condition -- Chapter 25: Caring for the child with a gastrointestinal condition -- Chapter 26: Caring for the child with an immunological or infectious condition -- Chapter 27: Caring for the child with a cardiovascular condition -- Chapter 28: Caring for the child with an endocrinological or metabolic condition -- Chapter 29: Caring for the child with a neurological or sensory condition -- Chapter 30: Caring for the child with a musculoskeletal condition -- Chapter 31: Caring for the child with an integumentary condition -- Chapter 32:  Caring for the child with a renal, urinal tract, or  reproductive condition --  Chapter 33: Caring for the child with a hematological condition -- Chapter 34: Caring for the child with cancer -- Chapter 35:  Caring for the child with a chronic condition or the dying child.    </subfield>
  </datafield>
  <datafield tag="700" ind1=" " ind2=" ">
    <subfield code="a">HISLEY, Shelton M.</subfield>
  </datafield>
  <datafield tag="942" ind1=" " ind2=" ">
    <subfield code="2">lcc</subfield>
    <subfield code="c">BK</subfield>
  </datafield>
  <datafield tag="999" ind1=" " ind2=" ">
    <subfield code="c">6536</subfield>
    <subfield code="d">14036</subfield>
  </datafield>
  <datafield tag="952" ind1=" " ind2=" ">
    <subfield code="0">0</subfield>
    <subfield code="1">0</subfield>
    <subfield code="2">lcc</subfield>
    <subfield code="4">0</subfield>
    <subfield code="7">0</subfield>
    <subfield code="a">WIUC-1</subfield>
    <subfield code="b">WIUC-1</subfield>
    <subfield code="c">NURS L.</subfield>
    <subfield code="d">2018-02-13</subfield>
    <subfield code="l">0</subfield>
    <subfield code="o">RG951.W37</subfield>
    <subfield code="p">NURS/409/071/18</subfield>
    <subfield code="r">2018-02-13 00:00:00</subfield>
    <subfield code="t">1</subfield>
    <subfield code="w">2018-02-13</subfield>
    <subfield code="y">BK</subfield>
  </datafield>
</record>
